Mystery Taylor Swift Song #109 - Statistics

General Stats
  • This quiz has been taken 280 times
  • The average score is 107 of 135
Answer Stats
Song % Correct
I"
97%
"I
97%
I
97%
a
96%
in
96%
we
96%
and
95%
the
95%
you)
95%
you
95%
me
93%
of
93%
to
93%
it
92%
1989
91%
go
91%
red
91%
that
91%
no
90%
(out
90%
out
90%
your
90%
He
89%
like
89%
never
89%
on
89%
when
89%
got
88%
Style
88%
style)
88%
style
88%
It's
87%
cause
86%
eye
86%
is
86%
say
86%
but
85%
every
85%
So
85%
time
85%
too
85%
up
85%
where
85%
back
84%
thing
84%
come
83%
lip
83%
look
83%
said
83%
"What
83%
can't
82%
girl)
82%
girl
82%
girl"
82%
have
82%
oh
82%
skirt
82%
there
82%
Dean
81%
from
81%
"I've
81%
James
81%
little
81%
T-shirt
81%
classic
80%
been
79%
down
79%
hair
79%
Know
79%
Long
79%
pick
79%
white
79%
with
79%
you've
79%
daydream
78%
eyes
78%
heard
78%
(heard
78%
his
78%
just
78%
(some
78%
some
78%
tight
78%
are
77%
goes
77%
good
77%
off
77%
other
77%
'bout
76%
headlights
76%
Midnight
76%
road
76%
says
76%
Take
76%
about
75%
even
75%
drive
74%
since
74%
thinkin'
74%
times"
74%
true
74%
crashing
73%
few
73%
home
73%
keep
73%
stop
73%
while
73%
Could
70%
he's
70%
or
70%
wild
70%
paradise
69%
'round
69%
slicked
69%
Takes
68%
us
68%
each
67%
tell
67%
yeah
67%
leads
65%
burning
64%
exactly
64%
flames
64%
should
64%
taking
64%
end
63%
leave
63%
into
61%
lights
60%
coat
58%
Watch
58%
Fade
55%
faith
55%
view
54%
whoa
51%
No matching quizzes found
Score Distribution
Percent of People with Each Score
Percentile by Number Answered
Your Score History
You have not taken this quiz